000 00532nam a22001697a 4500
005 20251108165241.0
008 250721s1996 xx 000 0 ara d
082 1 4 _a915.665/حسن
100 1 _aأبو العينين، حسن
245 1 0 _aدولة الإمارات العربية المتحده :
_bدراسة و بحوث جغرافيه /
264 1 _aعمان :
_c1996.
300 _a651ص
650 1 7 _aالإمارات العربيه المتحدة
650 1 7 _aالجغرافيا
942 _2ddc
_cBK
999 _c23221
_d23221